Bayer 04 Leverkusen Meister Quiz #2 (mit Hinweisen) - Statistiken

Allgemein
  • Dieses Quiz wurde 30 mal gespielt
    8 seit der letzten Aktualisierung
  • Das Durchschnittsergebnis liegt bei 7 aus 12
Antwortstatistiken
HR RR Fußball-Club % Korrekt
1:1 1:1 Borussia Dortmund
100%
2:2 - FC Bayern München
83%
2:3 2:3 RB Leipzig
83%
1:1 2:2 VfB Stuttgart
83%
1:2 2:3 SC Freiburg
67%
2:3 1:2 TSG 1899 Hoffenheim
67%
1:4 1:2 1. FC Heidenheim
50%
- 1:5 Eintracht Frankfurt
50%
- 1:2 1. FSV Mainz 05
33%
1:5 - SV Darmstadt 1898
33%
- 1:2 FC Augsburg
17%
1:2 - VfL Wolfsburg
17%
Keine übereinstimmenden Quizze gefunden
Verteilung der Resultate
Anzahl Personen mit jedem Resultat
Perzentil nach korrekt beantworteten Fragen
Ihre Resultats-Entwicklung
Sie haben dieses Quiz seit der letzten Aktualisierung nicht gespielt